Sports Quiz

Random Sports or Soccer Quiz

Mixed Word: Soccer Words Quiz Stats

Quiz not verified by Sporcle

Challenge
Share
Tweet
Embed
Score 0/14 Timer 07:00
0 Plays Today
Scrambled Words Unscrambled Words % Correct
ASPSPASS
99.1%
OGLAGOAL
98.2%
NWIWIN
98.2%
HTOSSHOT
97.4%
ODRLW UCPWORLD CUP
97.4%
ORSCSCROSS
85.1%
EDERHAHEADER
81.6%
Scrambled Words Unscrambled Words % Correct
NEEDEFCDEFENCE
71.9%
YLRAEPPLAYER
71.1%
SPTOPOST
68.4%
RUEPS TRSASUPER STAR
65.8%
IRKSRTESTRIKER
59.6%
SCSROABRCROSSBAR
55.3%
GLOEALGOALIE
41.2%

You're not logged in!

Compare scores with friends on all Sporcle quizzes.
Join for Free
OR
Log In

You Might Also Like...

Show Comments

Extras

Top Quizzes Today


Score Distribution

Your Account Isn't Verified!

In order to create a playlist on Sporcle, you need to verify the email address you used during registration. Go to your Sporcle Settings to finish the process.

Report this User

Report this user for behavior that violates our Community Guidelines.

Details: